000 00408nam a2200181Ia 4500
001 2876
005 20260306144839.0
008 260306t2012||||xx |||||||||||||| ||spa||
041 _aESP
082 _a231
_bL85 T. 2
100 _aLombardo, Pedro
_eAUT
245 0 _aSentencias
260 _c2012
300 _apáginas 659-1129 :
_c22 cm.
650 _aGEN
654 _aCHU
942 _cLIB
_dJUS
_fJUS
_2ddc
_n
999 _c2876
_d2876